[Event "2nd IMSA Basque 2017-Men"]
[Site "Huaian"]
[Date "2017.12.15"]
[Round "4"]
[White "Mamedyarov, Shakhriyar"]
[Black "Korobov, Anton"]
[Result "0-1"]
[WhiteElo "2799"]
[BlackElo "2652"]
[Annotator "TA"]
[PlyCount "75"]
[EventDate "2017.??.??"]
[EventType "tourn"]
[EventCountry "CHN"]
[SourceTitle "playchess.com"]
[Source "ChessBase"]
[SourceQuality "1"]

{[%evp 21,75,6,6,0,0,0,2,7,0,0,22,0,0,0,0,-24,34,24,31,31,27,0,36,0,0,0,0,-30,-25,-65,-6,-54,-12,-104,-29,-90,-85,-143,-131,-199,-218,-206,-217,-330,-308,-304,-282,-283,-292,-274,-82,-85,-38,-49,-9,-420]} 1. d4 Nf6 2. c4 e6 3. Nf3 b6 4. g3 Bb7 5. Bg2 Be7 6. O-O O-O 7. Re1 Na6 8. Ne5 {E17: Queen's Indian: 4 g3 Bb7 5 Bg2 Be7} (8. a3 d5 9. cxd5 exd5 10. b4 c5 11. bxc5 bxc5 12. Nc3 Ne4 13. Bb2 Rb8 14. e3 Ba8 15. Qc2 cxd4 16. Nxd4 {½-½ (30) Vidit,S (2702)-Eljanov,P (2734) Douglas 2017}) 8... Bxg2 9. Kxg2 c5 10. d5 Qc7 11. Nf3 Ne4 {LiveBook: 22 Games} 12. a3 f5 13. Qd3 Qb7 14. Nbd2 Nxd2 $146 ({Predecessor:} 14... exd5 15. cxd5 Nd6 {½-½ (41) Valinova,J (2129)-Roos,J (2406) ICCF email 2008}) 15. Bxd2 Bf6 16. Bc3 exd5 17. cxd5 Rae8 18. e4 {Hoping for Bxf6.} fxe4 (18... c4 $1 $11 19. Qxc4 b5) 19. Rxe4 $14 Rxe4 20. Qxe4 Nc7 {[%cal Ba6c7,Bc7e8,Be8f6][%mdl 32]} 21. Rd1 h6 22. h4 Ne8 23. Qg6 d6 (23... Bxc3 {seems wilder.} 24. bxc3 Nf6 25. c4 d6 26. Re1 b5) 24. Qe4 Qf7 25. Rd3 b5 (25... Bxc3 $15 26. bxc3 b5) 26. Bxf6 Nxf6 27. Qf5 (27. Qe6 $11 {keeps the balance.}) 27... a5 (27... Re8 $17) 28. b3 (28. a4 $11) 28... Re8 $17 29. Qf4 (29. b4 $142) 29... Re2 30. Qxd6 (30. Kf1 $17 {might work better.} Qe8 31. Rd2 Rxd2 32. Nxd2) 30... Rxf2+ $1 $19 31. Kg1 {[#] And now Qb8+ would win.} Re2 $1 32. Kf1 {[#]} (32. Qb8+ $142 Kh7 33. Rd2 Rxd2 34. Nxd2) 32... Re8 $1 33. Qxc5 Ne4 34. Qc6 Nxg3+ 35. Kg2 Nf5 $2 (35... Ne4 $19 {and Black stays clearly on top.} 36. Kg1 Kf8) 36. Kf2 $17 Kh7 {Strongly threatening ...Qa7+.} 37. d6 $1 {[%cal Rd6d7] aiming for d7.} Qg6 {Threatens to win with ...Qg3+.} 38. Qxe8 $4 {[%mdl 8192] Precision: White = 24%, Black = 56%.} (38. h5 $1 $11 Qe6 39. Qc2) 0-1

[Event "2nd IMSA Basque 2017-Men"]
[Site "Huaian"]
[Date "2017.12.15"]
[Round "4"]
[White "Ding, Liren"]
[Black "Harikrishna, P."]
[Result "1/2-1/2"]
[WhiteElo "2777"]
[BlackElo "2744"]
[Annotator "TA"]
[PlyCount "77"]
[EventDate "2017.??.??"]
[EventType "tourn"]
[EventCountry "CHN"]
[SourceTitle "playchess.com"]
[Source "ChessBase"]
[SourceQuality "1"]

{[%evp 22,77,13,21,10,16,16,13,31,17,23,22,64,54,48,57,56,39,64,66,58,20,17,20,17,24,68,80,79,0,0,0,4,0,0,0,0,0,0,0,0,-24,0,0,0,0,0,-21,-20,-107,-118,-125,0,0,0,0,3,5]} 1. c4 e5 2. g3 Nf6 3. Bg2 d5 4. cxd5 Nxd5 5. Nc3 Nb6 6. d3 Be7 7. Be3 O-O 8. Rc1 Re8 {A22: English Opening: 1...e5 2 Nc3 Nf6} 9. Qc2 (9. Nf3 Nc6 10. O-O Bf8 11. a3 Nd4 12. Ne4 c6 13. Bg5 f6 14. Nxd4 exd4 15. Bd2 Be6 16. Re1 Bd5 17. Qc2 Qd7 18. b4 Rad8 19. Qb2 {0-1 (73) Nepomniachtchi,I (2767)-Karjakin,S (2785) Doha 2016}) 9... Bf8 10. a3 c6 11. Nf3 N8d7 12. O-O {LiveBook: 3 Games} Nf6 13. b4 $146 ({Predecessor:} 13. Rfd1 Bg4 14. Na4 Nxa4 15. Qxa4 Qc8 16. Qc2 {0-1 (27) Paszewski,M (2272)-Nasuta,G (2454) Trzcianka 2016}) 13... Bf5 14. Rfd1 h6 15. Ne4 Rc8 16. Bc5 Bxe4 17. dxe4 Qc7 18. Be3 Rcd8 19. Ne1 (19. Rd3 {is more complex.} Nc8 20. Qb2 Bd6 21. Ne1 Ng4 22. Bc5) 19... Rxd1 20. Qxd1 Nc8 {[%cal Bb6c8,Bc8d6,Bd6e4,Be4c3][%mdl 32]} 21. Nd3 a5 22. Qb3 axb4 23. axb4 Nd6 24. b5 $1 Ng4 25. b6 ({White should try} 25. Bc5 $16) 25... Qd8 $11 26. Bc5 Nf6 27. Rd1 Nfxe4 28. Bxe4 Nxe4 29. Bxf8 $1 Rxf8 30. Nxe5 Qe7 31. f4 Qc5+ 32. e3 Nc3 33. Re1 Nd5 34. Nd7 Qa5 35. Rd1 (35. Rc1 $11 {keeps the balance.}) 35... Re8 $17 36. Ne5 {[#]} Qxb6 (36... f6 $1 $17 {[%cal Rf6e5]} 37. Nc4 Qc5) 37. Qxb6 $11 {The position is equal.} Nxb6 38. Rb1 Nd5 {And now ...f6 would win.} 39. Rxb7 {Precision: White = 57%, Black = 56%.} 1/2-1/2

[Event "2nd IMSA Basque 2017-Men"]
[Site "Huaian"]
[Date "2017.12.15"]
[Round "4"]
[White "Grischuk, Alexander"]
[Black "Andreikin, Dmitry"]
[Result "1/2-1/2"]
[WhiteElo "2772"]
[BlackElo "2712"]
[Annotator "TA"]
[PlyCount "176"]
[EventDate "2017.??.??"]
[EventType "tourn"]
[EventCountry "CHN"]
[SourceTitle "playchess.com"]
[Source "ChessBase"]
[SourceQuality "1"]

{[%evp 9,175,18,20,11,34,12,13,22,18,18,22,4,12,-26,0,0,0,-12,-12,-14,-10,-36,-17,-20,-20,-20,-13,-20,-20,-20,-20,-20,-20,-46,-20,-24,0,-41,0,-26,-20,-25,0,0,0,0,0,-12,0,0,0,0,9,0,0,0,0,0,25,22,23,12,34,41,41,-60,-51,-89,-40,-79,-79,-61,-62,-51,-14,-14,-14,-14,-14,-14,-14,-14,-14,-14,-14,-14,-14,-14,-14,-31,-31,-81,-81,-81,-81,-81,-81,-81,-81,-81,-81,-81,-81,-81,-81,-81,-81,-95,-95,-95,-30,-95,-95,-95,-95,-95,-22,-22,-18,-38,-38,-38,-38,-45,-45,-136,-136,-136,-136,-136,-136,-136,0,-136,-7,-7,-7,-7,-7,-7,-7,-7,-7,-7,-7,-7,-7,-7,-7,-7,-7,-7,-7,-7,-7,-7,-7,-7,-7,-7,-7,-7,-7,-7,0,0,0,0]} 1. d4 Nf6 2. c4 e6 3. Nf3 a6 4. Bg5 {[%cal Bc1g5,Bg5h4,Bh4g3,Bg3e5][%mdl 32]} h6 5. Bh4 g5 $146 ({Predecessor:} 5... c5 6. Nc3 cxd4 7. Nxd4 Bb4 8. e3 O-O 9. Be2 d6 10. Qc2 e5 11. Nb3 Be6 12. O-O Bxc3 13. Bxf6 Qxf6 14. Qxc3 {½-½ (33) Goganov,A (2635)-Fedoseev,V (2665) Novosibirsk 2016}) 6. Bg3 {E10: Blumenfeld Gambit} Nh5 7. Be5 f6 8. Bg3 f5 9. e3 d6 10. Nc3 Bg7 11. Qc2 Nc6 12. d5 Ne7 13. dxe6 Bxe6 14. O-O-O Nc6 15. Nd5 Nxg3 16. hxg3 Qd7 17. a3 Qf7 18. Be2 O-O-O 19. Rd2 Kb8 20. Rhd1 Rhe8 21. Qa4 Bd7 22. Qc2 Be6 23. Qa4 Bd7 24. Qc2 Qf8 25. Ne1 Be6 26. Bh5 Bf7 27. Bxf7 Qxf7 28. Nf3 Re4 29. Rd3 Ree8 30. Kb1 Qe6 31. Nb4 Nxb4 32. axb4 Qe4 33. Rd5 f4 34. Qxe4 Rxe4 35. Nd2 Re6 36. gxf4 gxf4 37. e4 (37. exf4 $14 c6 38. Rd3) 37... Rg8 $15 38. Rf5 Be5 39. Rg1 Reg6 40. Nf3 Rxg2 41. Rf1 b6 42. Nxe5 dxe5 43. Rxe5 Rg1 44. Rxg1 Rxg1+ $11 {[%mdl 4096] Endgame KR-KR} 45. Ka2 Rf1 46. Rh5 Rxf2 47. Rxh6 Re2 48. Re6 f3 49. Rf6 Rxe4 50. Rxf3 Rxc4 51. Kb3 Rh4 52. Kc3 Kb7 53. Rf6 Rh3+ 54. Kc2 Rh5 55. Kc3 Rd5 56. Rh6 Rd6 57. Rh5 Kc6 58. b3 Rd5 59. Rh3 Kb5 (59... Re5 $17 60. Rf3 Rh5) 60. Rg3 (60. Rh7 $1 $11) 60... Rh5 61. Rf3 Rg5 62. Rh3 a5 (62... Re5 $17 63. Rg3 Rh5) 63. bxa5 Kxa5 64. Rh4 b5 65. Kb2 c5 66. b4+ cxb4 67. Rh3 (67. Rh8 $15) 67... Ka4 $17 68. Rf3 Rg2+ 69. Kb1 Rg1+ 70. Kb2 Rg2+ 71. Kb1 b3 (71... Rd2 $17) 72. Rf8 $11 {The position is equal.} Kb4 (72... b2 {is more complex.} 73. Ka2 Kb4 74. Rb8 Rf2 75. Rh8 Rd2) 73. Rh8 Rg4 74. Kb2 Rf4 75. Rg8 Rc4 76. Rh8 Rc2+ 77. Kb1 Rf2 78. Rg8 Rd2 (78... b2 {keeps more tension.} 79. Rh8 Ka4 80. Rh4+ Ka5 81. Rh8 Rg2) 79. Rh8 b2 80. Rh3 Kc4 81. Rg3 b4 82. Rh3 Re2 83. Rg3 Rh2 84. Rf3 Kb5 85. Rg3 Ka4 86. Rf3 b3 87. Rf4+ Ka3 $2 {[%mdl 8192] [#]} (87... Kb5) 88. Ra4+ Kxa4 {Precision: White = 60%, Black = 54%.} 1/2-1/2

[Event "2nd IMSA Basque 2017-Men"]
[Site "Huaian"]
[Date "2017.12.15"]
[Round "4"]
[White "Yu, Yangyi"]
[Black "Mamedov, Rauf"]
[Result "1-0"]
[WhiteElo "2751"]
[BlackElo "2709"]
[Annotator "TA"]
[PlyCount "95"]
[EventDate "2017.??.??"]
[EventType "tourn"]
[EventCountry "CHN"]
[SourceTitle "playchess.com"]
[Source "ChessBase"]
[SourceQuality "1"]

{[%evp 30,95,39,29,64,47,34,7,12,12,12,-7,4,-7,83,50,57,54,69,69,71,43,69,75,67,64,146,136,163,152,286,281,236,179,201,200,198,195,242,232,418,420,410,402,466,441,694,669,4718,4710,2020,1028,914,850,29977,29977,29975,29976,29982,29982,29985,29984,29986,29987,29988,29989,29987,29988]} 1. d4 d5 2. c4 c6 3. Nf3 Nf6 4. Nc3 dxc4 5. a4 Bf5 6. Ne5 Nbd7 7. Nxc4 Qc7 8. g3 e5 9. dxe5 Nxe5 10. Bf4 Nfd7 11. Bg2 g5 {D17: Slav Defence: 5 a4 Bf5: Lines with 6 Nh4 and 6 Ne5} 12. Nxe5 gxf4 13. Nxd7 O-O-O 14. Qd4 Qxd7 15. Qxf4 Bd6 16. Qc1 {[#] LiveBook: 16 Games} Be5 $146 ({Predecessor:} 16... Kb8 17. O-O h5 18. h4 Rhg8 19. a5 {1-0 (41) Kramnik,V (2793)-Giri,A (2732) Antalya 2013}) 17. O-O Qd2 18. Rd1 Qxc1 19. Raxc1 Rxd1+ 20. Nxd1 Rd8 21. Kf1 Bc2 (21... Rd4 $11 {keeps the balance.}) 22. Nc3 Bb3 23. Be4 Rd2 24. Bxh7 Rxb2 25. a5 Bc4 26. h4 {[%cal Bh2h4,Bh4h5,Bh5h6][%mdl 32]} Kd8 27. Bd3 Bb3 (27... Bxd3 $14 28. Rd1 (28. exd3 Kd7 $14) 28... Ke7 29. Rxd3 Bc7) 28. h5 $16 Ke7 29. h6 b5 (29... Be6 $16 30. Kg2 Bd4) 30. axb6 $18 axb6 31. Kg2 b5 32. Nd1 Bxd1 33. Rxd1 {[%mdl 4096] Endgame KRB-KRB} c5 34. f4 Bf6 $2 {[#]} (34... Bc3 {keeps fighting.} 35. Kf3 c4) 35. Kf3 c4 36. Bf5 c3 37. g4 {[%cal Bg3g4,Bg4g5][%mdl 32]} Rb3 (37... Rd2 $142 38. Ra1 c2 39. Ra7+ Kf8) 38. e3 Ke8 39. g5 Bh8 40. Rd5 Rb4 41. Rc5 Rc4 42. Rxc4 {White mates.} bxc4 {KB-KB} 43. Bc2 Ke7 44. Ke4 Kf8 45. Kd5 Ke7 46. e4 {[%cal Be3e4,Be4e5][%mdl 32]} Kf8 47. e5 Ke7 48. f5 {Precision: White = 71%, Black = 18%.} 1-0

[Event "2nd IMSA Basque 2017-Men"]
[Site "Huaian"]
[Date "2017.12.15"]
[Round "4"]
[White "Harikrishna, P."]
[Black "Ding, Liren"]
[Result "1/2-1/2"]
[WhiteElo "2744"]
[BlackElo "2777"]
[Annotator "TA"]
[PlyCount "88"]
[EventDate "2017.??.??"]
[EventType "tourn"]
[EventCountry "CHN"]
[SourceTitle "playchess.com"]
[Source "ChessBase"]
[SourceQuality "1"]

{[%evp 19,88,14,5,3,21,11,16,21,12,11,5,0,7,0,37,35,59,58,113,114,152,140,137,74,77,33,35,32,43,21,16,20,25,-7,0,0,-11,-2,-13,-7,0,-58,0,0,42,0,0,0,-2,-20,-15,-19,0,0,0,6,2,2,5,5,8,0,0,0,0,0,0,0,0,0,0]} 1. e4 e5 2. Nf3 Nc6 3. Bb5 a6 4. Ba4 Nf6 5. O-O Be7 6. Re1 b5 7. Bb3 O-O 8. a4 b4 9. d4 d6 10. dxe5 Nxe5 11. Nbd2 {C88: Closed Ruy Lopez: Anti-Marshall Systems} Nxf3+ 12. Nxf3 Bb7 13. e5 Nd7 14. Bf4 {[%cal Re5d6] [#]} Nc5 $146 15. Bd5 Bxd5 16. Qxd5 Ne6 17. Bg3 dxe5 18. Qc4 Bc5 (18... Bd6 $14) 19. Rad1 $16 ({But not} 19. Bxe5 $6 Qd7 $11) 19... Qf6 20. Nxe5 {Nd7 is the strong threat.} Rfd8 21. Nd7 ({White should play} 21. Rxd8+ Rxd8 22. Nc6 (22. Qxa6 h5 $16)) 21... Qe7 22. Nxc5 (22. Bh4 $5 {[%cal Rh4e7]} g5 {[#]} 23. Qxc5 $1 {[%mdl 512]} Qxc5 24. Nxc5 gxh4 25. Nxe6 fxe6 26. Kf1 $16) 22... Rxd1 23. Rxd1 Qxc5 24. Qe4 Re8 25. h3 f5 26. Qe5 Qxc2 27. Rd5 Qc1+ 28. Kh2 f4 29. Bh4 Qc6 30. Ra5 (30. f3 $11) 30... h6 (30... Qd6 $1 $15) 31. f3 Qb6 {[#] aiming for ...g5.} 32. Rd5 (32. Qh5 $5 {[%cal Rh5e8]} Rf8 33. Re5 $11) 32... Qc6 {The position is equal.} 33. Ra5 Nf8 34. Qxf4 Re2 {Hoping for ...Ng6.} 35. Qxb4 Qxf3 {[%csl Ge2][%cal Rf3g2]} 36. Qg4 Qxg4 37. hxg4 Rxb2 38. Rxa6 $11 {[%mdl 4096] Endgame KRB-KRN} Kf7 39. Bg3 Ne6 40. Rc6 Ra2 41. Rc4 c5 42. Bd6 Ke8 43. Bxc5 Nxc5 44. Rxc5 Rxa4 {Precision: White = 55%, Black = 63%.} 1/2-1/2

[Event "2nd IMSA Basque 2017-Men"]
[Site "Huaian"]
[Date "2017.12.15"]
[Round "4"]
[White "Le, Quang Liem"]
[Black "Artemiev, Vladislav"]
[Result "0-1"]
[WhiteElo "2737"]
[BlackElo "2691"]
[Annotator "TA"]
[PlyCount "76"]
[EventDate "2017.??.??"]
[EventType "tourn"]
[EventCountry "CHN"]
[SourceTitle "playchess.com"]
[Source "ChessBase"]
[SourceQuality "1"]

{[%evp 15,76,15,45,0,8,9,24,28,51,19,43,35,50,41,55,48,59,64,69,56,89,70,83,92,90,87,82,68,86,13,8,8,8,8,8,8,8,7,0,0,3,0,0,-16,-4,0,-8,0,0,-11,-11,-11,-19,-73,-70,-110,-101,-201,-143,-1127,-1089,-29996,-1091]} 1. Nf3 g6 2. c4 Bg7 3. e4 d6 4. d4 Bg4 5. Be2 Nc6 6. Nbd2 Nf6 7. d5 {A41: 1 d4 d6: Tartakower System and Modern Defence} Nb8 8. O-O (8. Qc2 Na6 9. h3 Bd7 10. Nb1 c6 11. Nc3 cxd5 12. exd5 O-O 13. Be3 Nc5 14. Nd4 e5 {1-0 (31) Gelfand,B (2721)-Stefanova,A (2512) Caleta 2017}) 8... O-O {LiveBook: 5 Games} 9. Re1 {White is slightly better.} c6 $146 ({Predecessor:} 9... a5 10. h3 Bc8 11. Bf1 Nfd7 12. Rb1 c6 13. Nb3 c5 14. Bf4 f6 {1-0 (41) Schwing,H (2276)-Baeuschlein,A (2060) Birkenfeld 2013}) 10. Bf1 Na6 11. h3 Bd7 12. Nb3 Rc8 13. Bg5 h6 14. Bd2 cxd5 15. exd5 e5 16. dxe6 $1 Bxe6 17. Rc1 $1 Nc5 18. Bf4 d5 19. Nxc5 Rxc5 20. b4 Rc8 {[%cal Rd5c4]} 21. c5 Ne4 22. Nd4 (22. Be5 $16) 22... Nxf2 $11 23. Kxf2 {[#] Kg1 is the strong threat.} Qf6 24. Kg3 ({Reject} 24. Nxe6 fxe6 25. g3 g5 $17) 24... Qxd4 25. Qxd4 Bxd4 26. Bxh6 Rfd8 27. Bg5 Rf8 28. Bb5 a5 29. Red1 Be5+ 30. Bf4 Bxf4+ 31. Kxf4 axb4 32. Rd4 Ra8 33. Rc2 $1 Rfc8 $36 {[%mdl 2048] Black has good play.} 34. Bd3 (34. Rxb4 $11 Bf5 35. c6 bxc6 36. Rxc6) 34... Ra3 $17 35. Ke5 Kg7 36. g4 (36. Bb5 $17) 36... g5 $19 {Strongly threatening ...Rc6.} 37. Bf5 $2 {[%mdl 8192] [#]} (37. h4 $17) 37... Re3+ 38. Kd6 Rc6+ {Precision: White = 34%, Black = 73%.} 0-1

[Event "2nd IMSA Basque 2017-Men"]
[Site "Huaian"]
[Date "2017.12.15"]
[Round "4"]
[White "Ivanchuk, Vassily"]
[Black "Wang, Hao"]
[Result "0-1"]
[WhiteElo "2726"]
[BlackElo "2709"]
[Annotator "TA"]
[PlyCount "86"]
[EventDate "2017.??.??"]
[EventType "tourn"]
[EventCountry "CHN"]
[SourceTitle "playchess.com"]
[Source "ChessBase"]
[SourceQuality "1"]

{[%evp 22,86,22,23,41,10,74,14,55,58,97,56,85,50,70,52,106,64,55,53,60,58,78,2,0,0,13,0,0,-14,0,-39,-12,-15,-22,-34,-24,-39,-13,-45,-13,-27,-18,-20,-27,-51,-49,-83,-81,-101,-95,-113,-114,-168,-159,-179,-169,-168,-174,-158,-175,-272,-279,-275,-277,-381,-375]} 1. e4 e5 2. Nf3 Nc6 3. Bb5 a6 4. Ba4 d6 5. c3 Bd7 6. d4 g6 7. O-O Bg7 8. h3 Nf6 9. Re1 O-O 10. Nbd2 exd4 {C60: Ruy Lopez: Unusual Black 3rd moves and 3...g6} 11. cxd4 Nb4 12. Bxd7 {LiveBook: 3 Games} (12. Bb3 Nd3 13. Re3 Nxc1 14. Rxc1 c6 15. Re1 d5 16. exd5 cxd5 17. Nf1 Qb6 18. Ne3 {1-0 (55) Almasi,Z (2707)-Stevic,H (2616) Heraklio 2017}) 12... Nxd7 {White has an edge.} 13. Nf1 h6 $146 (13... c5 $11) ({Predecessor:} 13... c5 14. Bf4 d5 15. Bd6 Re8 16. e5 Nc6 17. dxc5 Ndxe5 18. Nxe5 Bxe5 19. Qxd5 Bxb2 20. Rxe8+ Qxe8 {0-1 (47) Wagener,C (2307)-Forthoffer,P (2237) Germany 2007}) 14. Ng3 (14. Bf4 $16) 14... Re8 15. Bf4 Qf6 16. Bd2 Nc6 17. Bc3 Qd8 18. Rc1 Nf6 (18... d5 $14) 19. Re2 d5 {[%cal Rf6e4]} 20. e5 Nh7 21. Ne1 Nf8 {[#]} 22. Nf1 (22. f4 $1 $16) 22... Ne6 $11 23. Ne3 Qd7 24. Rd2 Rad8 25. Nd3 b6 ({Reject} 25... Ncxd4 $6 26. Bxd4 b6 27. Nb4 $16) ({Don't go for} 25... Nexd4 $2 26. Nc5 $18) 26. Nc2 Ne7 27. b4 h5 28. Re2 Nf5 29. a3 Qe7 30. Bb2 Qh4 31. Nde1 Nf4 (31... Bh6 $5 32. Nf3 $8 Qe7 $11) 32. Rd2 Qg5 33. Kh2 Bh6 {aiming for ...Nxh3!} 34. Bc3 Ne6 35. Rb1 Qe7 36. Rd3 {[#]} c5 $1 $36 {[%mdl 2048] White is under strong pressure.} 37. dxc5 (37. bxc5 $17 {was worth a try.} bxc5 38. g3) 37... d4 $1 $19 {[%cal Rd4c3]} ({Don't play} 37... bxc5 $6 38. Rxd5 Rxd5 39. Qxd5 $11) 38. Bd2 Bxd2 39. Rxd2 bxc5 40. bxc5 Nxc5 41. Nb4 (41. Nf3 {was called for.} Ne4 42. Nb4) 41... Qxe5+ 42. Kg1 Qd6 43. Nf3 Ne4 {Precision: White = 28%, Black = 48%.} 0-1

[Event "2nd IMSA Basque 2017-Men"]
[Site "Huaian"]
[Date "2017.12.15"]
[Round "4"]
[White "Andreikin, Dmitry"]
[Black "Grischuk, Alexander"]
[Result "1/2-1/2"]
[WhiteElo "2712"]
[BlackElo "2772"]
[Annotator "TA"]
[PlyCount "47"]
[EventDate "2017.??.??"]
[EventType "tourn"]
[EventCountry "CHN"]
[SourceTitle "playchess.com"]
[Source "ChessBase"]
[SourceQuality "1"]

{[%evp 32,47,10,11,34,0,0,0,0,0,0,0,0,0,4,0,15,0]} 1. e4 c5 2. Nf3 {[%cal Bg1f3,Bf3d4,Bd4b5][%mdl 32]} e6 3. d4 cxd4 4. Nxd4 Nc6 5. Nc3 Qc7 6. Be2 Nf6 7. O-O Be7 8. Be3 O-O 9. Ndb5 Qb8 10. f4 d6 11. Kh1 a6 12. Nd4 Qc7 13. Qe1 Nxd4 14. Bxd4 b5 15. a3 Bb7 16. Qg3 Rad8 17. Rae1 {LiveBook: 255 Games. B85: Sicilian Scheveningen: 6 Be2 a6, lines with early Be3} Qd7 (17... Bc6 18. Bd3 Qd7 19. Rf3 e5 20. fxe5 Nh5 21. Qh3 Qxh3 22. Rxh3 Nf4 23. Rf3 Nxd3 24. cxd3 dxe5 25. Bxe5 b4 26. axb4 Bxb4 {0-1 (68) Hou,Y (2666)-Giri,A (2775) Geneve 2017}) 18. Bd3 $146 ({Predecessor:} 18. Rd1 Bc6 19. e5 Ne8 20. Bd3 f5 21. exf6 Bxf6 22. Be4 d5 23. Bxf6 Rxf6 24. Bd3 Nd6 {½-½ (85) Arjun,K (2366)-Ortiz Suarez,I (2556) Badalona 2017}) 18... Nh5 {The position is equal.} 19. Qg4 Nf6 20. Qg3 Nh5 21. Qg4 Nf6 22. Qg3 Nh5 23. Qg4 Nf6 24. Qg3 1/2-1/2

[Event "2nd IMSA Basque 2017-Men"]
[Site "Huaian"]
[Date "2017.12.15"]
[Round "4"]
[White "Mamedov, Rauf"]
[Black "Yu, Yangyi"]
[Result "1/2-1/2"]
[WhiteElo "2709"]
[BlackElo "2751"]
[Annotator "TA"]
[PlyCount "182"]
[EventDate "2017.??.??"]
[EventType "tourn"]
[EventCountry "CHN"]
[SourceTitle "playchess.com"]
[Source "ChessBase"]
[SourceQuality "1"]

{[%evp 9,182,0,0,0,0,10,11,9,1,-2,0,-3,-7,-9,0,-16,0,0,0,0,0,0,0,-18,16,0,0,0,18,10,3,0,0,0,0,0,0,0,0,0,0,0,0,-13,0,0,12,0,0,0,0,0,0,0,0,0,0,0,0,0,0,0,0,-4,0,0,0,0,0,0,0,0,0,0,0,0,0,0,0,0,0,0,0,0,0,0,0,0,0,0,0,0,0,0,0,0,0,0,0,0,0,0,0,0,0,0,0,0,0,0,0,0,0,0,0,0,0,0,0,0,0,0,0,0,0,0,0,0,0,0,0,0,0,0,0,0,0,0,0,0,0,0,0,0,0,0,0,0,0,0,0,0,0,-9,-9,-9,0,0,0,0,0,0,0,0,0,0,0,0,0,0,0,0,0,0,0]} 1. e4 e5 2. Nf3 Nf6 3. Nc3 Nc6 4. a3 d5 5. Bb5 Nxe4 {The position is equal.} 6. Qe2 {Threatens to win with Nxe5. C47: Scotch Four Knights and Four Knights with 4 g3} Nxc3 7. Qxe5+ Qe7 8. dxc3 Bd7 $132 {[%mdl 2048] Black is not keeping still} 9. Qe3 $146 (9. Qxe7+ {feels hotter.} Bxe7 10. Be3 a6 11. Be2 O-O-O 12. O-O-O) ({Predecessor:} 9. Qxe7+ Bxe7 10. Bf4 O-O-O 11. O-O-O Bg4 12. Rde1 Bxf3 13. Bxc6 {½-½ (20) Kindermann,S (2542)-Gyimesi,Z (2553) Austria 2004}) 9... O-O-O 10. O-O Qxe3 11. Bxe3 a6 12. Bd3 h6 13. Rad1 Be7 14. h3 Bf6 15. Rfe1 Rhe8 16. g4 Re7 17. Bc5 Rxe1+ 18. Rxe1 Re8 19. Rxe8+ Bxe8 20. h4 Ne5 21. Nxe5 Bxe5 $11 {[%mdl 4096] Endgame KBB-KBB} 22. Be3 Bd7 23. f4 Bd6 24. g5 hxg5 25. fxg5 {And now h5 would win.} g6 26. Kf2 Bg4 27. c4 Be6 (27... c6 {is more complex.} 28. cxd5 cxd5 29. a4 Kc7 30. c3 Kc6) 28. cxd5 Bxd5 29. c4 Be6 30. Bd4 Kd7 31. Kf3 b6 {[%cal Bb7b6,Bb6c5][%mdl 32]} 32. b4 c5 33. bxc5 bxc5 34. Bc3 Bh2 35. Bd2 Be5 36. Be3 Kd6 37. Bf4 Bd7 38. Ke3 Be6 39. Be2 Bd7 40. Bf1 Be6 41. Be2 Bd7 42. h5 gxh5 43. Bxh5 Be6 44. Be2 Bf5 45. Bf3 Be6 46. Be2 Bf5 47. Bf1 Bd7 48. Bd3 Bc8 49. Be2 Bd7 50. Bd1 Be6 51. Be2 Bd7 52. Bd3 Bc8 53. Bf1 Bd7 54. Be2 Bc8 55. Bd3 Bd7 56. Kf3 Bc8 57. Bf1 Bd7 58. Ke3 Bc8 59. Be2 Bd7 60. Bf3 Be6 61. Be2 Bd7 62. Bd3 Bc8 63. Kf3 Bd7 64. Bc2 Be6 65. Bd3 Bd7 66. Ke3 Bc8 67. Bc2 Be6 68. Bb3 Bd7 69. Bd1 Be6 70. Be2 Bd7 71. Bd3 Bc8 72. Kf3 Bd7 73. Bf1 Bc8 74. Ke3 Bd7 75. Bg2 Be6 76. Bf1 Bd7 77. Bd3 Bc8 78. Bf1 Bd7 79. Be2 Bc8 80. a4 a5 81. Bd3 Bd7 82. Bc2 $1 Bc6 83. Bd1 Bd7 84. Ke4 Bc6+ 85. Kf5 Bd7+ 86. Ke4 Bc6+ 87. Kf5 Bd7+ 88. Ke4 Bc6+ 89. Ke3 Ke6 90. Bg4+ Kd6 91. Bd1 Ke6 {Precision: White = 83%, Black = 77%.} 1/2-1/2

[Event "2nd IMSA Basque 2017-Men"]
[Site "Huaian"]
[Date "2017.12.15"]
[Round "4"]
[White "Wang, Hao"]
[Black "Ivanchuk, Vassily"]
[Result "1-0"]
[WhiteElo "2709"]
[BlackElo "2726"]
[Annotator "TA"]
[PlyCount "31"]
[EventDate "2017.??.??"]
[EventType "tourn"]
[EventCountry "CHN"]
[SourceTitle "playchess.com"]
[Source "ChessBase"]
[SourceQuality "1"]

{[%evp 21,31,54,64,57,64,65,202,208,202,200,406,389]} 1. e4 d6 2. d4 Nf6 3. Nc3 e5 4. Nf3 Nbd7 5. Bc4 Be7 6. O-O O-O 7. Re1 c6 8. a4 a5 9. h3 Re8 {C41: Philidor Defence} 10. Ba2 Bf8 11. Be3 Qc7 {LiveBook: 3 Games. White is slightly better.} (11... h6 12. Nh4 exd4 13. Bxd4 Nc5 14. Bxc5 dxc5 15. e5 Qxd1 16. Raxd1 Nh5 17. Ng6 Be6 18. Nxf8 Kxf8 19. Bxe6 Rxe6 {1-0 (38) Vachier Lagrave,M (2783)-Ivanchuk,V (2757) Leuven 2017}) 12. Ng5 Re7 13. f4 {aiming for Qd3.} b6 $146 ({Better is} 13... h6 $14) ({Predecessor:} 13... h6 14. Nf3 exd4 15. Bxd4 d5 16. e5 Ne8 17. Bf2 Nb6 18. Qd4 {1-0 (26) Demchenko,A (2617)-Gorkavij,V (2354) Taganrog 2014}) 14. fxe5 $18 dxe5 15. d5 {[#] Threatens to win with d6.} cxd5 $2 (15... Ne8 16. dxc6 (16. Qh5 Ndf6 $14) 16... Ndf6) 16. exd5 1-0